000 01144nam a2200301 i 4500
003 DO-SdBNP
005 20251016103215.0
007 ta
008 220602b2015 dr ||||| |||| 00| 0 spa d
020 _a9789945498400
040 _aDO-SdBNP
_bspa
_cBNPHU
_erda
041 _aspa
082 4 _axxx
_bxxx
_222
100 1 _aCéspedes, Diógenes,
_d1941-
_eautor
_4aut.
_920548
245 1 0 _aMétodo y práctica semiótica :
_bpara la historia de la crítica de cine en la República Dominicana /
_cDiógenes Céspedes ; prólogo, Carlos Francisco Elías
264 4 _aSanto Domingo :
_bUniversitaria-UASD,
_c©2015.
300 _a342 páginas ;
_c21 cm.
336 _atexto
_btxt
_2rdacontent
337 _asin mediación
_bn
_2rdamedia
338 _avolumen
_bnc
_2rdacarrier
490 0 _aPublicaciones de la Universidad Autónoma de Santo Domingo
500 _aIncluye datos biográficos del autor en las solapas
500 _aIncluye referencias bibliográficas y notas al pie de las páginas
590 _aInventariado, 2022/BT
700 1 _aElías, Carlos Francisco,
_eprologuista
_4pr.
_957656
910 _aBtavárez
942 _2ddc
_cLBS1
999 _c51892
_d51892